[Event "C.to Europeo U14 femminile"]
[Site "Fermo ITA"]
[Date "2009.09.09"]
[Round "9"]
[White "Efroimski, Marsel"]
[Black "Ziaziulkina, Nastassia"]
[Result "1/2-1/2"]
[WhiteElo "2066"]
[BlackElo "2101"]
[PlyCount "88"]
[EventDate "2009.08.31"]

1. e4 c5 2. Nf3 d6 3. d4 cxd4 4. Nxd4 Nf6 5. Nc3 a6 6. h3 e6 7. g4 b5 8. Bg2
Bb7 9. O-O Nfd7 10. Re1 Be7 11. a4 bxa4 12. Nxa4 O-O 13. b3 Qc7 14. Nb2 Nb6 15.
Bd2 Nc6 16. Nxc6 Qxc6 17. Nd3 Bf6 18. Ra2 Nd7 19. Ra4 Nb6 20. Ra2 Rfc8 21. g5
Bc3 22. Re3 Bd4 23. Rg3 g6 24. h4 Qc7 25. Qg4 Bg7 26. h5 e5 27. Ba5 Qc6 28.
hxg6 hxg6 29. Qh4 Nd7 30. Nb4 Qc5 31. Bh3 Bc6 32. Nxc6 Qxc6 33. Rc3 Qb7 34.
Rxc8+ Qxc8 35. Ra4 Qe8 36. Rc4 Nc5 37. b4 Ne6 38. Bxe6 Qxe6 39. Rc3 Rc8 40. Qg3
Rxc3 41. Qxc3 Qg4+ 42. Kf1 Qd1+ 43. Kg2 Qg4+ 44. Kf1 Qd1+ 1/2-1/2

[Event "C.to Europeo U14 femminile"]
[Site "Fermo ITA"]
[Date "2009.09.09"]
[Round "9"]
[White "Ordonez Torres, Maria Del Carmen"]
[Black "Chiarion, Elisa"]
[Result "1/2-1/2"]
[WhiteElo "1780"]
[BlackElo "1904"]
[PlyCount "102"]
[EventDate "2009.08.31"]

1. e4 c5 2. Nf3 a6 3. d4 cxd4 4. Nxd4 Nf6 5. Nc3 e5 6. Nb3 Bb4 7. Bd3 d5 8.
exd5 Nxd5 9. Bd2 Bxc3 10. bxc3 Qc7 11. c4 Nf6 12. O-O O-O 13. Bg5 Nbd7 14. Re1
Re8 15. Nd2 b6 16. Ne4 Nxe4 17. Bxe4 Bb7 18. Bxb7 Qxb7 19. Qd5 Qxd5 20. cxd5
Rac8 21. Rac1 Rc5 22. Red1 Ra5 23. Ra1 Rc8 24. Rd2 Rcc5 25. d6 f6 26. Be3 Rd5
27. Kf1 Kf7 28. Ke2 Ke6 29. c4 Rxd2+ 30. Kxd2 Kxd6 31. Kc2 b5 32. Bd2 Ra4 33.
cxb5 axb5 34. a3 Rc4+ 35. Kd1 Rd4 36. Ke2 Rc4 37. Kd1 Rd4 38. Ke2 Ra4 39. Bb4+
Kc6 40. Rc1+ Kb7 41. Kd2 Nb6 42. Rc5 Ka6 43. Rc6 Kb7 44. Rc5 Ka6 45. Rc6 Kb7
46. Rc5 Ra8 47. Rxb5 Kc6 48. Rc5+ Kb7 49. Rb5 Kc6 50. Rc5+ Kb7 51. Rb5 Rc8
1/2-1/2

[Event "C.to Europeo U14 femminile"]
[Site "Fermo ITA"]
[Date "2009.09.09"]
[Round "9"]
[White "Osmanodja, Filiz"]
[Black "Leks, Maria"]
[Result "0-1"]
[WhiteElo "1954"]
[BlackElo "1899"]
[PlyCount "66"]
[EventDate "2009.08.31"]

1. e4 c6 2. d4 d5 3. Nc3 dxe4 4. Nxe4 Bf5 5. Ng3 Bg6 6. h4 h6 7. Nf3 Nd7 8. h5
Bh7 9. Bd3 Bxd3 10. Qxd3 e6 11. Bf4 Qa5+ 12. Bd2 Bb4 13. c3 Be7 14. c4 Qc7 15.
O-O-O Ngf6 16. Ne4 O-O 17. Rdg1 c5 18. Nc3 cxd4 19. Nxd4 Rac8 20. b3 Ne5 21.
Qe2 Ba3+ 22. Kb1 Qc5 23. Ndb5 Nxc4 24. bxc4 Qb4+ 25. Kc2 Qb2+ 26. Kd1 Rfd8 27.
Ke1 Bb4 28. Rh3 a6 29. a3 Ba5 30. a4 axb5 31. axb5 Bxc3 32. Rxc3 Ne4 33. Rd3
Qb1+ 0-1

[Event "C.to Europeo U16"]
[Site "Fermo ITA"]
[Date "2009.08.31"]
[Round "1"]
[White "Andreev, Sasho"]
[Black "Grandelius, Nils"]
[Result "0-1"]
[WhiteElo "2090"]
[BlackElo "2515"]
[PlyCount "84"]
[EventDate "2009.08.31"]

1. d4 Nf6 2. c4 e6 3. Nf3 d5 4. Nc3 dxc4 5. e4 Bb4 6. Bg5 b5 7. a4 c6 8. e5 h6
9. Bh4 g5 10. exf6 gxh4 11. Ne5 Bb7 12. Be2 Nd7 13. Nxd7 Qxd7 14. Bf3 a6 15.
axb5 cxb5 16. d5 O-O-O 17. O-O Kb8 18. Qd4 Rhg8 19. Rfd1 Bxc3 20. bxc3 exd5 21.
Qb6 Qc6 22. Rxa6 Qxb6 23. Rxb6 Kc7 24. Rxb5 Bc6 25. Ra5 Ra8 26. Rxa8 Rxa8 27.
Bh5 Kd6 28. Bxf7 Rf8 29. Bh5 Rxf6 30. Rd4 h3 31. g4 Rf3 32. g5 Rf5 33. Bg4 Rxg5
34. Kf1 Rg7 35. Bxh3 Ra7 36. Rh4 Ra3 37. Rxh6+ Kc5 38. Bf5 Rxc3 39. Rh5 Rc1+
40. Ke2 c3 41. Rh4 Bb5+ 42. Bd3 c2 0-1

[Event "C.to Europeo U16"]
[Site "Fermo ITA"]
[Date "2009.08.31"]
[Round "1"]
[White "Antolin Concha, Diego"]
[Black "Di Trapani, Davide"]
[Result "1-0"]
[WhiteElo "2252"]
[BlackElo "1883"]
[PlyCount "103"]
[EventDate "2009.08.31"]

1. d4 d5 2. c4 e6 3. Nc3 Nf6 4. cxd5 exd5 5. Bg5 Nbd7 6. e3 Be7 7. Bd3 c6 8.
Qc2 O-O 9. Nf3 Re8 10. h3 Nf8 11. O-O g6 12. Bxf6 Bxf6 13. b4 a6 14. a4 Ne6 15.
b5 axb5 16. axb5 Rxa1 17. Rxa1 c5 18. dxc5 Nxc5 19. Rd1 Be6 20. Bc4 Bxc3 21.
Qxc3 Qb6 22. Bf1 Rc8 23. Qd4 Nd7 24. Qh4 Kg7 25. Be2 Nf6 26. Nd4 Ne4 27. Bg4
Bxg4 28. Qxg4 Qf6 29. Qxc8 Qxf2+ 30. Kh1 Qxe3 31. Qc1 Nf2+ 32. Kh2 Qe5+ 33. Kg1
Nxd1 34. Qxd1 b6 35. Nf3 Qe3+ 36. Kf1 Qc5 37. Qd4+ Qxd4 38. Nxd4 Kf6 39. Ke2
Ke5 40. Kd3 Kd6 41. Nb3 Ke5 42. g4 h6 43. Nd4 Kd6 44. h4 h5 45. gxh5 gxh5 46.
Nf5+ Kc5 47. Ng3 Kxb5 48. Kd4 Ka5 49. Nxh5 b5 50. Nf4 b4 51. Nd3 b3 52. h5 1-0

[Event "C.to Europeo U16"]
[Site "Fermo ITA"]
[Date "2009.08.31"]
[Round "1"]
[White "Arribas Lopez, Angel"]
[Black "Jacko, Vladimir"]
[Result "1/2-1/2"]
[WhiteElo "2429"]
[BlackElo "2137"]
[PlyCount "113"]
[EventDate "2009.08.31"]

1. e4 c5 2. Nf3 Nc6 3. d4 cxd4 4. Nxd4 g6 5. Nc3 Bg7 6. Nb3 Nf6 7. Bc4 O-O 8.
O-O d6 9. Re1 Bd7 10. Nd5 Ne5 11. Bf1 Bc6 12. Bg5 Bxd5 13. exd5 Rc8 14. a4 Re8
15. a5 Nc4 16. Ra2 Qd7 17. Bc1 Qf5 18. Ra4 b5 19. axb6 Nxb6 20. Rxa7 Qxc2 21.
Qxc2 Rxc2 22. Bd3 Rcc8 23. Bb5 Rf8 24. Raxe7 Nfxd5 25. Rb7 Rc7 26. Rxc7 Nxc7
27. Bd3 Ne6 28. Na5 d5 29. Rd1 Ra8 30. b4 Bc3 31. Ba3 Kg7 32. g3 Nd4 33. Rc1
Na4 34. Rb1 Rb8 35. Kg2 f6 36. g4 Rb6 37. h4 Kf7 38. h5 Kg7 39. hxg6 hxg6 40.
Kg3 Kf7 41. Kh3 Kg7 42. Kg2 Kf7 43. Kg3 Kg7 44. f4 Kf7 45. g5 f5 46. Nb3 Re6
47. Kf2 Nxb3 48. Rxb3 Bd4+ 49. Kg3 Re3+ 50. Kg2 Nc3 51. Ba6 Re4 52. b5 Re2+ 53.
Kh1 Re1+ 54. Kg2 Re2+ 55. Kf1 Rf2+ 56. Ke1 Re2+ 57. Kf1 1/2-1/2

[Event "C.to Europeo U16"]
[Site "Fermo ITA"]
[Date "2009.08.31"]
[Round "1"]
[White "Arvola, Benjamin"]
[Black "Garcia Perez, Javier"]
[Result "0-1"]
[WhiteElo "2144"]
[BlackElo "1752"]
[PlyCount "86"]
[EventDate "2009.08.31"]

1. d4 Nf6 2. c4 e5 3. dxe5 Ng4 4. Nf3 Bc5 5. e3 Nc6 6. Be2 O-O 7. O-O Re8 8.
Nc3 Ncxe5 9. b3 Nxf3+ 10. Bxf3 Ne5 11. Be2 a5 12. Na4 Bf8 13. Qc2 d6 14. Bb2 b6
15. Nc3 Bb7 16. Rad1 Rc8 17. Rd2 Qh4 18. Nd5 Re6 19. Rd4 Qh6 20. f4 Nc6 21. Rd2
Qh4 22. g3 Qh3 23. Bd3 Nb4 24. Nxb4 axb4 25. Bf5 Qh6 26. Re2 Rce8 27. Bxe6 Rxe6
28. e4 Qh5 29. Rfe1 f5 30. Qd3 fxe4 31. Qe3 Re8 32. Rd2 Ra8 33. Ba1 Ra6 34. Rf1
Qf5 35. Rg2 Ra5 36. g4 Qd7 37. f5 d5 38. f6 gxf6 39. g5 f5 40. g6 h6 41. Qh3
dxc4 42. g7 Bc5+ 43. Kh1 e3 0-1

[Event "C.to Europeo U16"]
[Site "Fermo ITA"]
[Date "2009.08.31"]
[Round "1"]
[White "Bongioanni, Alberto"]
[Black "Berchtenbreiter, Maximilian"]
[Result "0-1"]
[WhiteElo "1747"]
[BlackElo "2143"]
[PlyCount "76"]
[EventDate "2009.08.31"]

1. d4 Nf6 2. c4 e6 3. Nf3 c5 4. Nc3 cxd4 5. Nxd4 a6 6. Bf4 d5 7. e3 Nbd7 8. Nf3
dxc4 9. Bxc4 b5 10. Be2 b4 11. Nb1 Nd5 12. Bg3 Be7 13. O-O O-O 14. Nbd2 Bb7 15.
Rc1 Nc5 16. Nb3 Ne4 17. Rc4 Nxg3 18. hxg3 a5 19. Nbd4 a4 20. Qc2 a3 21. Nc6
Bxc6 22. Rxc6 axb2 23. Qxb2 Nc3 24. Ra6 Rxa6 25. Bxa6 Qd5 26. a3 Na4 27. Qc2
Qa5 28. Bd3 bxa3 29. Bxh7+ Kh8 30. Bd3 Nb2 31. Ra1 Bf6 32. Nd4 Nxd3 33. Qxd3
Ra8 34. Qc4 g6 35. Qd3 Kg7 36. Qc4 a2 37. Kf1 Qd2 38. Kg1 Qb2 0-1

[Event "C.to Europeo U16"]
[Site "Fermo ITA"]
[Date "2009.08.31"]
[Round "1"]
[White "Colon Garcia, Enrique"]
[Black "Rasulo, Stefano"]
[Result "1-0"]
[WhiteElo "2173"]
[BlackElo "1794"]
[PlyCount "83"]
[EventDate "2009.08.31"]

1. e4 c5 2. Nf3 d6 3. d4 cxd4 4. Nxd4 Nf6 5. Nc3 a6 6. Be3 e5 7. Nf3 b5 8. a4
b4 9. Nd5 Nbd7 10. Nxb4 Bb7 11. Bc4 Nxe4 12. O-O Be7 13. a5 O-O 14. Qe2 Ndc5
15. Rfd1 Kh8 16. Nxe5 Qe8 17. Nf3 f5 18. Nd5 Bd8 19. Nd4 Nf6 20. Nxf6 Rxf6 21.
f3 d5 22. Bd3 Bc7 23. Bg5 Bxh2+ 24. Kxh2 Qh5+ 25. Kg1 Qxg5 26. b4 Nxd3 27. Rxd3
Rh6 28. Re1 Rg8 29. Qe7 Qg3 30. Nxf5 Qh2+ 31. Kf2 Rg6 32. Rg1 Bc8 33. Qh4 Qc7
34. Nd4 Qc4 35. Rb1 Rf8 36. Qe7 Rgf6 37. Qc5 Qa2 38. Re1 Bf5 39. Rde3 Bd7 40.
Re7 Ba4 41. Rc7 Rb8 42. Rc8+ 1-0

[Event "C.to Europeo U16"]
[Site "Fermo ITA"]
[Date "2009.08.31"]
[Round "1"]
[White "Danilenko, Dmitriy"]
[Black "Schaerer, Julian"]
[Result "1/2-1/2"]
[WhiteElo "2290"]
[BlackElo "1975"]
[PlyCount "83"]
[EventDate "2009.08.31"]

1. e4 c5 2. Nf3 d6 3. d4 cxd4 4. Nxd4 Nf6 5. f3 e6 6. c4 Be7 7. Be2 O-O 8. Be3
a6 9. Nc3 Qc7 10. O-O b6 11. Qd2 Bb7 12. a4 Nbd7 13. a5 Rfd8 14. Rfc1 bxa5 15.
Nb3 Rac8 16. Nxa5 Ba8 17. Nb3 Nc5 18. Na5 d5 19. cxd5 exd5 20. exd5 Nxd5 21.
Nxd5 Rxd5 22. Qe1 Qb8 23. Qf2 Ne6 24. Nc4 Bb7 25. Nb6 Rxc1+ 26. Rxc1 Rd8 27. f4
Bd6 28. g3 Re8 29. Nc4 Bc7 30. f5 Nf8 31. Rd1 Rd8 32. Bd4 Nd7 33. Bc3 Bc6 34.
Qd4 Ne5 35. Qc5 Rxd1+ 36. Bxd1 Nxc4 37. Qxc6 Qb6+ 38. Qxb6 Bxb6+ 39. Kh1 a5 40.
Be2 Ne3 41. g4 f6 42. Bd2 1/2-1/2

[Event "C.to Europeo U16"]
[Site "Fermo ITA"]
[Date "2009.08.31"]
[Round "1"]
[White "Fernandez Garcia, Jose' Miguel"]
[Black "Botto, Julien"]
[Result "0-1"]
[WhiteElo "2261"]
[BlackElo "1906"]
[PlyCount "86"]
[EventDate "2009.08.31"]

1. e4 c5 2. Nc3 Nc6 3. Bb5 Nd4 4. Bc4 a6 5. Nf3 e6 6. Nxd4 cxd4 7. Ne2 b5 8.
Bb3 Bb7 9. d3 Bc5 10. O-O Ne7 11. c3 dxc3 12. bxc3 f5 13. Nf4 O-O 14. d4 Bb6
15. e5 Qc7 16. Ba3 Rf7 17. Rc1 Qc6 18. Bxe7 Rxe7 19. d5 Qc5 20. Qh5 a5 21. dxe6
a4 22. Bc2 dxe6 23. Qg5 Rae8 24. Qg3 Rc7 25. Bd3 Qxe5 26. Rfe1 Qf6 27. Bxb5 Bc6
28. Bxc6 Rxc6 29. Qf3 Rec8 30. c4 Rxc4 31. Rxc4 Rxc4 32. g3 Rc2 33. Re2 Rxe2
34. Qxe2 Kf7 35. Qb5 Qd4 36. Qe2 e5 37. Qh5+ Ke7 38. Nh3 Qa1+ 39. Kg2 Qxa2 40.
Ng5 Qxf2+ 41. Kh3 Qf1+ 42. Kh4 Qc4+ 43. Kh3 Qg4+ 0-1

[Event "C.to Europeo U16"]
[Site "Fermo ITA"]
[Date "2009.08.31"]
[Round "1"]
[White "Franciosi, Fausto"]
[Black "Stella, Andrea"]
[Result "0-1"]
[WhiteElo "1993"]
[BlackElo "2301"]
[PlyCount "82"]
[EventDate "2009.08.31"]

1. d4 f5 2. Bg5 g6 3. h4 Bg7 4. e3 c6 5. Nd2 d5 6. Ngf3 Be6 7. Bf4 Nf6 8. Be2
Nbd7 9. Ne5 Ne4 10. h5 g5 11. Nxe4 dxe4 12. Nxd7 gxf4 13. Nc5 Qd6 14. h6 Bf6
15. Bh5+ Kf8 16. Nxe6+ Qxe6 17. exf4 Rd8 18. c3 c5 19. Qb3 Qxb3 20. axb3 cxd4
21. O-O a6 22. Rfd1 e6 23. cxd4 Ke7 24. Rac1 Rd7 25. Rd2 Bxd4 26. Rcd1 Rhd8 27.
Kf1 Bxb2 28. Rxd7+ Rxd7 29. Rxd7+ Kxd7 30. Ke2 Ba3 31. f3 exf3+ 32. Bxf3 b5 33.
g4 Be7 34. gxf5 exf5 35. Bd5 Bf8 36. Bg8 Bxh6 37. Kd2 Bxf4+ 38. Ke2 Kd6 39.
Bxh7 Ke6 40. Bg8+ Ke5 41. b4 Ke4 0-1

[Event "C.to Europeo U16"]
[Site "Fermo ITA"]
[Date "2009.08.31"]
[Round "1"]
[White "Gouliaros-Antoniadis, Alexandros"]
[Black "Meskovs, Nikita"]
[Result "0-1"]
[WhiteElo "1858"]
[BlackElo "2221"]
[PlyCount "60"]
[EventDate "2009.08.31"]

1. e4 c5 2. Nf3 e6 3. d4 cxd4 4. Nxd4 a6 5. c4 Nf6 6. Nc3 Qc7 7. Be3 d6 8. Be2
Be7 9. O-O Nbd7 10. Qd2 b6 11. f3 Bb7 12. Rac1 O-O 13. Rfd1 Rac8 14. Bf1 Qb8
15. b4 Rfe8 16. a3 Bd8 17. Nb3 Bc7 18. Qf2 d5 19. cxd5 exd5 20. Nxd5 Bxd5 21.
exd5 Bxh2+ 22. Kh1 Rxc1 23. Nxc1 Bg3 24. Qd2 Qe5 25. Bg5 h6 26. f4 Qd6 27. Qd3
Ne4 28. Kg1 hxg5 29. Ne2 Nf2 30. Qxg3 Nxd1 0-1

[Event "C.to Europeo U16"]
[Site "Fermo ITA"]
[Date "2009.08.31"]
[Round "1"]
[White "Hajbok, Robert"]
[Black "Martinho Mesquita Alves, Filipe"]
[Result "1-0"]
[WhiteElo "2274"]
[BlackElo "1973"]
[PlyCount "184"]
[EventDate "2009.08.31"]

1. d4 Nf6 2. c4 g6 3. Nc3 Bg7 4. e4 d6 5. Nf3 O-O 6. Be2 e5 7. O-O Nc6 8. d5
Ne7 9. Ne1 Ne8 10. Be3 f5 11. f3 f4 12. Bf2 g5 13. c5 Ng6 14. cxd6 cxd6 15. a4
h5 16. a5 Nf6 17. Nb5 g4 18. Bxa7 g3 19. Bb6 Qe7 20. Nc7 Nh7 21. Kh1 Rb8 22.
Ne6 Bxe6 23. dxe6 Rbc8 24. Qd5 Kh8 25. a6 bxa6 26. Rd1 Rb8 27. Qxd6 Qh4 28. Bg1
Rxb2 29. Qxa6 Rd8 30. Rd7 Ngf8 31. Rxd8 Qxd8 32. Bc4 Ng5 33. Nd3 Rd2 34. Qb5
Nfxe6 35. Nxe5 Kh7 36. Nf7 Qf6 37. Nxg5+ Nxg5 38. Qf5+ Qxf5 39. exf5 Nh3 40.
hxg3 fxg3 41. Be3 Nf2+ 42. Kg1 Rc2 43. Rc1 Rxc1+ 44. Bxc1 Bd4 45. Kf1 Kg7 46.
Bg5 Bf6 47. Be3 h4 48. f4 Ng4 49. Bb6 Bb2 50. Ke2 Nf6 51. Kf3 Bc3 52. Bc7 Bd2
53. Be5 Bc1 54. Bd5 Bd2 55. Bc4 Bc1 56. Ke2 Ba3 57. Bd5 Bc1 58. Be6 Ba3 59. Kd3
Bc5 60. Bd5 Bd6 61. Bf3 Ba3 62. Kc4 Kf7 63. Kb5 Ke7 64. Kc6 Bb4 65. Be2 Ba3 66.
Bd1 Bb4 67. Bd4 Ba3 68. Bc2 Bb4 69. Bb2 Bd6 70. Be5 Ba3 71. Bd1 Bb4 72. Bf3 Ba3
73. Kb7 Bb4 74. Kc8 Ba3 75. Bc6 Bb4 76. Bc7 Bd2 77. Bd8+ Kf7 78. Bc7 Ke7 79.
Bb5 Be3 80. Bc6 Bd2 81. Bf3 Bc1 82. Kb7 Ba3 83. Kc6 Bb4 84. Bb6 Ba3 85. Ba5 Bd6
86. Bd8+ Kxd8 87. Kxd6 Nh5 88. Bxh5 h3 89. f6 h2 90. f7 Kc8 91. f8=Q+ Kb7 92.
Bf3+ Kb6 1-0

[Event "C.to Europeo U16"]
[Site "Fermo ITA"]
[Date "2009.08.31"]
[Round "1"]
[White "Hartl, Daniel"]
[Black "Miandro, Steven"]
[Result "1-0"]
[WhiteElo "2249"]
[BlackElo "1878"]
[PlyCount "55"]
[EventDate "2009.08.31"]

1. e4 c5 2. Nf3 d6 3. d4 cxd4 4. Nxd4 Nf6 5. Nc3 a6 6. Bg5 Nbd7 7. f4 b5 8. Qf3
Bb7 9. O-O-O Rc8 10. Bd3 Qb6 11. Nb3 e6 12. Rhe1 Be7 13. Qh3 Nc5 14. Nxc5 Qxc5
15. e5 dxe5 16. fxe5 Nd7 17. Bf4 Nb6 18. Ne4 Bxe4 19. Rxe4 Nd5 20. Bd2 b4 21.
Rc4 Qxc4 22. Bxc4 Rxc4 23. Qb3 Nb6 24. Be3 Rc6 25. Bxb6 Rxb6 26. Qa4+ Kf8 27.
Qa5 Rb8 28. Rd7 1-0

[Event "C.to Europeo U16"]
[Site "Fermo ITA"]
[Date "2009.08.31"]
[Round "1"]
[White "Huseyn, Orkhan Samir Oglu"]
[Black "Marchetti, Michael"]
[Result "1-0"]
[WhiteElo "2121"]
[BlackElo "1503"]
[PlyCount "39"]
[EventDate "2009.08.31"]

1. e4 c5 2. Nf3 d6 3. d4 cxd4 4. Nxd4 Nf6 5. Nc3 g6 6. Be3 Bg7 7. f3 O-O 8. Qd2
Nc6 9. g4 Nxd4 10. Bxd4 a6 11. h4 h5 12. Bxf6 Bxf6 13. gxh5 Kh7 14. hxg6+ fxg6
15. h5 Kg7 16. Rg1 Bh4+ 17. Kd1 Rxf3 18. Rxg6+ Kf7 19. Qg2 Rf2 20. Rg7+ 1-0

[Event "C.to Europeo U16"]
[Site "Fermo ITA"]
[Date "2009.08.31"]
[Round "1"]
[White "Immonen, Vihtori"]
[Black "Szabo, Bence"]
[Result "0-1"]
[WhiteElo "1872"]
[BlackElo "2243"]
[PlyCount "66"]
[EventDate "2009.08.31"]

1. e4 c5 2. Nf3 d6 3. d4 cxd4 4. Nxd4 Nf6 5. Nc3 Nc6 6. Bg5 e6 7. Qd2 Qb6 8.
O-O-O a6 9. Be2 Be7 10. Be3 Qc7 11. f3 O-O 12. g4 b5 13. Nxc6 Qxc6 14. h4 b4
15. Nb1 a5 16. h5 Qa4 17. Bc4 Nd7 18. Bg5 Ne5 19. Bxe7 Nxc4 20. Qd4 Qxa2 21. b3
Re8 22. h6 e5 23. Qxc4 Be6 24. Qd3 Rxe7 25. hxg7 Rc7 26. Kd2 Rac8 27. Rc1 a4
28. f4 axb3 29. f5 Rxc2+ 30. Ke3 Rxc1 31. Rxc1 Rxc1 32. fxe6 fxe6 33. Qxd6 Re1+
0-1

[Event "C.to Europeo U16"]
[Site "Fermo ITA"]
[Date "2009.08.31"]
[Round "1"]
[White "Javakhadze, Zurab"]
[Black "Pecurica, Milos"]
[Result "1-0"]
[WhiteElo "2309"]
[BlackElo "2010"]
[PlyCount "89"]
[EventDate "2009.08.31"]

1. Nf3 c5 2. g3 Nc6 3. Bg2 e5 4. c4 g6 5. Nc3 Bg7 6. O-O Nge7 7. d3 d6 8. a3 h6
9. Rb1 f5 10. Ne1 Be6 11. b4 Qd7 12. Na4 cxb4 13. axb4 Rc8 14. Nc2 O-O 15. Ba3
Nd8 16. b5 b6 17. Nc3 f4 18. Ne4 Nf7 19. Nb4 Bh3 20. Nd5 Nxd5 21. cxd5 Bxg2 22.
Kxg2 Ng5 23. Nxg5 hxg5 24. f3 g4 25. Qa4 g5 26. fxg4 Qxg4 27. Rf3 Qh5 28. h3
fxg3 29. Qg4 Qxg4 30. hxg4 Rc2 31. Rxf8+ Bxf8 32. Rb2 Rc7 33. Bb4 e4 34. dxe4
Bg7 35. Ra2 Be5 36. Be1 Rc4 37. Bxg3 Rxe4 38. Kf3 Rd4 39. Bxe5 dxe5 40. e4 Rb4
41. Rxa7 Rxb5 42. Re7 Rc5 43. Rxe5 Kf7 44. Rxg5 b5 45. Rh5 1-0

[Event "C.to Europeo U16"]
[Site "Fermo ITA"]
[Date "2009.08.31"]
[Round "1"]
[White "Kaforos, Dimitrios-Alkis"]
[Black "Schneider, Rafael"]
[Result "1-0"]
[WhiteElo "2209"]
[BlackElo "1823"]
[PlyCount "41"]
[EventDate "2009.08.31"]

1. e4 c5 2. Nf3 Nc6 3. d4 cxd4 4. Nxd4 e5 5. Nb5 a6 6. Nd6+ Bxd6 7. Qxd6 Qf6 8.
Qc7 Nge7 9. Nc3 Nb4 10. Bd3 d5 11. exd5 Nexd5 12. Nxd5 Nxd5 13. Qa5 Nf4 14.
Bxf4 Qxf4 15. O-O O-O 16. g3 Qd4 17. Rfd1 b6 18. Qe1 Qc5 19. Qe4 f5 20. Qxa8 e4
21. Bf1 1-0

[Event "C.to Europeo U16"]
[Site "Fermo ITA"]
[Date "2009.08.31"]
[Round "1"]
[White "Khachykian, David"]
[Black "Draskovic, Davor"]
[Result "1-0"]
[WhiteElo "2139"]
[BlackElo "1702"]
[PlyCount "113"]
[EventDate "2009.08.31"]

1. c4 e5 2. g3 Nc6 3. Bg2 f5 4. Nc3 Nf6 5. e3 g6 6. Nge2 Bg7 7. O-O O-O 8. d4
e4 9. f3 exf3 10. Bxf3 d6 11. a3 Ne7 12. Qd3 c6 13. b4 d5 14. b5 Be6 15. cxd5
Nexd5 16. a4 Rc8 17. Rd1 Nxc3 18. Nxc3 Nd5 19. Nxd5 Bxd5 20. Qe2 Bxf3 21. Qxf3
Qd5 22. Qg2 Qxg2+ 23. Kxg2 c5 24. Ba3 Rfe8 25. Bxc5 b6 26. Bd6 Rxe3 27. Rac1
Rd8 28. Bf4 Re4 29. d5 Bf6 30. Rc6 Kf7 31. h4 Be5 32. Bxe5 Rxe5 33. Kf3 Re7 34.
Rd4 Red7 35. Kf4 Rxd5 36. Rxd5 Rxd5 37. Rc7+ Kf6 38. Rxa7 h6 39. Ra6 g5+ 40.
hxg5+ hxg5+ 41. Kf3 Rd3+ 42. Kf2 Rd6 43. a5 Ke7 44. Ra7+ Kd8 45. a6 Kc8 46. Rf7
Kb8 47. Rxf5 g4 48. Rg5 Rd4 49. Ke3 Rb4 50. Re5 Ka7 51. Kd3 Rb3+ 52. Kc4 Rxg3
53. Re7+ Ka8 54. Rc7 Rg1 55. Kd5 Rd1+ 56. Kc6 g3 57. Rg7 1-0

[Event "C.to Europeo U16"]
[Site "Fermo ITA"]
[Date "2009.08.31"]
[Round "1"]
[White "Kokotovic, Aleksandar"]
[Black "Sochacki, Christophe"]
[Result "0-1"]
[WhiteElo "1967"]
[BlackElo "2274"]
[PlyCount "98"]
[EventDate "2009.08.31"]

1. e4 c5 2. Nf3 e6 3. c4 Nc6 4. Nc3 d6 5. d4 cxd4 6. Nxd4 Nf6 7. Be2 Be7 8. Be3
O-O 9. O-O a6 10. f3 Bd7 11. Kh1 Rc8 12. Rc1 Ne5 13. b3 Qa5 14. Qd2 Kh8 15.
Rfd1 Rfd8 16. Bf1 Nc6 17. Qf2 Rg8 18. g4 b5 19. cxb5 Nxd4 20. Bxd4 axb5 21. Bb6
Qb4 22. Qb2 Ra8 23. Rd4 Qa3 24. Qxa3 Rxa3 25. Bxb5 Bxb5 26. Nxb5 Rxa2 27. Nxd6
Bxd6 28. Rxd6 Rb2 29. Rc3 h5 30. h3 Nh7 31. gxh5 Nf6 32. Rd8 Nxh5 33. Rxg8+
Kxg8 34. Bc7 f6 35. Kg1 e5 36. Kf1 Nf4 37. h4 Kh7 38. Ke1 Ne2 39. Re3 Nd4 40.
Kf1 Kh6 41. Bb6 Nxb3 42. Bc7 Nd4 43. Bd6 Ne6 44. Re2 Rb1+ 45. Re1 Rb3 46. Kg2
Kh5 47. Rg1 Nf4+ 48. Kg3 Rb2 49. Bc5 Ne2+ 0-1

[Event "C.to Europeo U16"]
[Site "Fermo ITA"]
[Date "2009.08.31"]
[Round "1"]
[White "Kotainy, Jens"]
[Black "De Ridder, Dieter"]
[Result "1/2-1/2"]
[WhiteElo "2270"]
[BlackElo "1914"]
[PlyCount "60"]
[EventDate "2009.08.31"]

1. e4 e6 2. d4 d5 3. Nc3 Bb4 4. e5 c5 5. a3 Bxc3+ 6. bxc3 Qa5 7. Bd2 Qa4 8. Nf3
b6 9. Qb1 Ba6 10. Qb3 Qxb3 11. cxb3 Bxf1 12. Rxf1 Ne7 13. Ke2 Nd7 14. Be3 O-O
15. Rac1 Rfc8 16. Rfd1 c4 17. b4 b5 18. Ne1 a5 19. Ra1 Rc7 20. Rdb1 Rca7 21.
Nc2 Nc6 22. Kd2 Kf8 23. f4 axb4 24. axb4 h5 25. Bf2 Rxa1 26. Rxa1 Rxa1 27. Nxa1
f6 28. Nc2 Kf7 29. Na3 Na7 30. Nc2 Nc6 1/2-1/2

[Event "C.to Europeo U16"]
[Site "Fermo ITA"]
[Date "2009.08.31"]
[Round "1"]
[White "Kovalev, Vladislav"]
[Black "Rozic, Samo"]
[Result "1-0"]
[WhiteElo "2307"]
[BlackElo "1999"]
[PlyCount "89"]
[EventDate "2009.08.31"]

1. e4 e6 2. d4 d5 3. Nc3 Nf6 4. e5 Ng8 5. f4 c5 6. Nf3 Nc6 7. Be3 cxd4 8. Nxd4
Nxd4 9. Bxd4 Ne7 10. Bd3 Nc6 11. Bf2 Bd7 12. O-O g6 13. Nb5 a6 14. Nd6+ Bxd6
15. exd6 O-O 16. c4 Nb4 17. Be2 dxc4 18. Bxc4 Bc6 19. Bc5 Nd5 20. Qd4 Qf6 21.
Qe5 Rfd8 22. Bxd5 Qxe5 23. fxe5 Bxd5 24. Bb6 Rd7 25. Rac1 Bc6 26. b4 Rf8 27.
Rf6 Kg7 28. Kf2 Ra8 29. Ke3 h5 30. g3 Rh8 31. h4 Re8 32. Rf2 Kg8 33. Kd4 Ra8
34. Rxc6 bxc6 35. Kc5 Rc8 36. Rf3 Kg7 37. Ra3 f6 38. Rxa6 fxe5 39. Ra7 Rxa7 40.
Bxa7 Kf7 41. d7 Ra8 42. Kxc6 Ke7 43. Bc5+ Kd8 44. Bb6+ Ke7 45. Kc7 1-0

[Event "C.to Europeo U16"]
[Site "Fermo ITA"]
[Date "2009.08.31"]
[Round "1"]
[White "Lortkipanidze, Nodar"]
[Black "Balzano, Aldo"]
[Result "1-0"]
[WhiteElo "2218"]
[BlackElo "1853"]
[PlyCount "111"]
[EventDate "2009.08.31"]

1. d4 Nf6 2. Nc3 d5 3. Bg5 Nbd7 4. Nf3 g6 5. e3 Bg7 6. Bd3 O-O 7. O-O c6 8. h3
Re8 9. Bf4 Nh5 10. Bh2 e5 11. Nxe5 Nxe5 12. Bxe5 Bxe5 13. dxe5 Rxe5 14. Qf3 Qh4
15. Ne2 Rg5 16. Nf4 Bf5 17. Bxf5 gxf5 18. Nxh5 Qxh5 19. Qxh5 Rxh5 20. Rfd1 Rh6
21. Rd4 Rd6 22. c4 Rad8 23. Rad1 Kg7 24. b4 Kf6 25. Kf1 Ke5 26. c5 Re6 27. Rh4
h6 28. Rh5 Rh8 29. g4 Rf6 30. Rd4 Ke6 31. g5 Rg6 32. Rdh4 hxg5 33. Rxh8 gxh4
34. Rxh4 Rg8 35. Rh7 Kf6 36. Rh6+ Ke7 37. Rh5 Kf6 38. Rh6+ Ke5 39. Rh5 Kf6 40.
Rh6+ Ke7 41. a3 Ra8 42. Ke2 a5 43. b5 Rc8 44. b6 Rg8 45. Rh4 Kf6 46. Kf3 Kg5
47. Rd4 Rh8 48. Kg3 Kf6 49. Ra4 Rg8+ 50. Kf4 Rh8 51. Rxa5 Rxh3 52. Ra7 Rh4+ 53.
Kg3 Rc4 54. Rxb7 Rxc5 55. a4 Rc1 56. a5 1-0

[Event "C.to Europeo U16"]
[Site "Fermo ITA"]
[Date "2009.08.31"]
[Round "1"]
[White "Marguerettaz, Davy"]
[Black "Van Kampen, Robin"]
[Result "0-1"]
[WhiteElo "2048"]
[BlackElo "2383"]
[PlyCount "68"]
[EventDate "2009.08.31"]

1. d4 Nf6 2. Nf3 c5 3. c3 g6 4. Nbd2 Bg7 5. e4 d6 6. Bd3 O-O 7. O-O cxd4 8.
cxd4 Nc6 9. h3 Bd7 10. Qe2 Rc8 11. a3 Nh5 12. d5 Na5 13. Rb1 Nf4 14. Qe3 Nxd3
15. Qxd3 b5 16. Nb3 Nxb3 17. Qxb3 f5 18. Be3 fxe4 19. Ng5 Rc4 20. Ne6 Bxe6 21.
Qxb5 Rc5 22. Bxc5 Bd7 23. Qc4 dxc5 24. Qxc5 Qb6 25. Qxe7 Bb5 26. Rfc1 Qxf2+ 27.
Kh1 Bd3 28. Rc7 Qf7 29. Qc5 Qf4 30. Qe7 Rf7 31. Qd8+ Bf8 32. Rbc1 Qd6 33. Rc8
Kg7 34. R1c6 Rf1# 0-1

[Event "C.to Europeo U16"]
[Site "Fermo ITA"]
[Date "2009.08.31"]
[Round "1"]
[White "Melone, Antonio"]
[Black "Srbis, Jurica"]
[Result "0-1"]
[WhiteElo "1881"]
[BlackElo "2250"]
[PlyCount "96"]
[EventDate "2009.08.31"]

1. d4 Nf6 2. c4 e6 3. Nf3 c5 4. d5 exd5 5. cxd5 d6 6. Nc3 g6 7. e4 Bg7 8. Bd3
O-O 9. h3 Na6 10. O-O Nc7 11. Re1 a6 12. a4 Nh5 13. g4 Nf6 14. Nh2 Rb8 15. a5
b5 16. axb6 Rxb6 17. f4 Nfe8 18. Nf3 Nb5 19. Bxb5 axb5 20. e5 Rb7 21. Be3 c4
22. Ne4 Rd7 23. exd6 Nxd6 24. Nc5 Re7 25. Qd2 Rfe8 26. Bf2 Rxe1+ 27. Rxe1 Rxe1+
28. Bxe1 Qe8 29. Bf2 h5 30. gxh5 gxh5 31. Ng5 Bf5 32. Kg2 Qa8 33. Be3 Bf6 34.
Bf2 Kg7 35. Kh2 Kg8 36. Be3 Qe8 37. Bf2 Bg6 38. Bg3 Qe7 39. Bf2 Bg7 40. Bg3 Qf6
41. b4 c3 42. Qa2 h4 43. Qa8+ Bf8 44. Bxh4 Qxf4+ 45. Bg3 Qd2+ 46. Kh1 c2 47.
Nb3 Qxg5 48. Bxd6 Be4+ 0-1